000 00636nam a2200241Ia 4500
003 OSt
005 20220918165809.0
006 a|||||r|||| 00| 0
007 ta
008 220917b |||||||| |||| 00| 0 eng d
020 _a8173042756 (hbk)
024 _a169,880
037 _cTextual
040 _aARTS
_cARTS
_beng
041 _2eng
_aeng
082 _aV2:5y7M91, P0
245 0 _aB.R. Ambedkar
_b his life, work and relevance edited by M L Ranga
260 _aNew Delhi
_bManohar
_c2000
300 _a176p.
_ccm.
650 _aHISTORY
942 _hV2:5y7M91, P0
_cTEXL
_2CC
999 _c131140
_d131140